Developing a tourism model for performance by public destination marketing agencies in Kenya / (Record no. 20697)
[ view plain ]
| 000 -LEADER | |
|---|---|
| fixed length control field | 00610nam a22001937a 4500 |
| 008 - FIXED-LENGTH DATA ELEMENTS--GENERAL INFORMATION | |
| fixed length control field | 250307b |||||||| |||| 00| 0 eng d |
| 040 ## - CATALOGING SOURCE | |
| Original cataloging agency | KABU |
| Transcribing agency | KABU |
| 050 ## - LIBRARY OF CONGRESS CALL NUMBER | |
| Classification number | The G155 |
| Item number | .W33 2019 |
| 100 ## - MAIN ENTRY--PERSONAL NAME | |
| Personal name | Wacira, Ann Wambui |
| 245 ## - TITLE STATEMENT | |
| Title | Developing a tourism model for performance by public destination marketing agencies in Kenya / |
| Statement of responsibility, etc. | Ann Wambui Wacira |
| 260 ## - PUBLICATION, DISTRIBUTION, ETC. (IMPRINT) | |
| Place of publication, distribution, etc. | Nakuru, Kenya: |
| Name of publisher, distributor, etc. | Kabarak University, |
| Date of publication, distribution, etc. | 2019 |
| 300 ## - PHYSICAL DESCRIPTION | |
| Extent | xx, 202p. |
| 500 ## - GENERAL NOTE | |
| General note | Unpublished PHD Thesis |
| 650 ## - SUBJECT ADDED ENTRY--TOPICAL TERM | |
| Topical term or geographic name as entry element | Tourism model |
| 650 ## - SUBJECT ADDED ENTRY--TOPICAL TERM | |
| Topical term or geographic name as entry element | Destination Marketing |
| 700 ## - ADDED ENTRY--PERSONAL NAME | |
| Personal name | Mwaura, Peter |
| 700 ## - ADDED ENTRY--PERSONAL NAME | |
| Personal name | Tanui, John |
| 942 ## - ADDED ENTRY ELEMENTS (KOHA) | |
| Source of classification or shelving scheme | Library of Congress Classification |
| Koha item type | Thesis, Dissertation and Projecs |
| Withdrawn status | Lost status | Source of classification or shelving scheme | Not for loan | Home library | Current library | Date acquired | Inventory number | Total Checkouts | Full call number | Barcode | Date last seen | Copy number | Price effective from | Koha item type |
|---|---|---|---|---|---|---|---|---|---|---|---|---|---|---|
| Library of Congress Classification | Kabarak, Main Campus | Kabarak, Main Campus | 07/03/2025 | 2020/1683 | The G155 .W33 2019 C.1 | 030492 | 07/03/2025 | C.1 | 07/03/2025 | Thesis, Dissertation and Projecs |